|
|
|
|
| LEADER |
00000cam a22000004a 4500 |
| 001 |
musev2_73600 |
| 003 |
MdBmJHUP |
| 005 |
20230905051609.0 |
| 006 |
m o d |
| 007 |
cr||||||||nn|n |
| 008 |
190806s2020 flu o 00 0 eng d |
| 010 |
|
|
|z 2019034307
|
| 020 |
|
|
|a 9780813057460
|
| 035 |
|
|
|a (OCoLC)1117317879
|
| 040 |
|
|
|a MdBmJHUP
|c MdBmJHUP
|
| 245 |
0 |
0 |
|a Dogs :
|b Archaeology beyond Domestication /
|c edited by Brandi Bethke and Amanda Burtt.
|
| 264 |
|
1 |
|a Gainesville :
|b University Press of Florida,
|c [2020]
|
| 264 |
|
3 |
|a Baltimore, Md. :
|b Project MUSE,
|c 2020
|
| 264 |
|
4 |
|c ©[2020]
|
| 300 |
|
|
|a 1 online resource (284 pages):
|b illustrations, maps
|
| 336 |
|
|
|a text
|b txt
|2 rdacontent
|
| 337 |
|
|
|a computer
|b c
|2 rdamedia
|
| 338 |
|
|
|a online resource
|b cr
|2 rdacarrier
|
| 505 |
0 |
|
|a Introduction / Brandi Bethke and Amanda Burtt -- Prehistoric Dogs as Hunting Weapons : The Advent of Animal Biotechnology / Angela R. Perri -- Dog Life and Death in an Ancestral Pueblo Landscape / Victoria Monagle and Emily Lena Jones -- The Archaeology of Dogs at the Precontact Site of Nunalleq, Western Alaska / Edouard Masson-Maclean, Ellen McManus-Fry, and Kate Britton -- Using Dental Microwear to Understand the Dietary Behavior of Domestic Dogs in Precontact North America / Amanda Burtt and Larisa R.G. DeSantis -- Scavenger and Sentry : The Roles of Dogs at Çatalhöyük, Turkey in the Context of the Near Eastern Neolithic / Nerissa Russell -- The Dog Days are Over : The Introduction of the Horse and Its Impact on Human-Dog Relationships among the Blackfoot / Brandi Bethke -- Exotic Dogs and Indigenous Humans in Tropical Northeastern South America / Peter W. Stahl -- Between Ethnography and Prehistory : The Case of the Australian Dingo / Loukas Koungoulos and Melanie Fillios -- Powerful Pups : A Case Study for Dog Sacrifice in Archaic Rome from the Area Sacra di Sant'Omobono / Victoria Moses -- Conclusion : Conceptualizing and Investigating our Relationships with Dogs / Robert Losey.
|
| 520 |
|
|
|a While previous studies of dogs in human history have focused on how people have changed the species through domestication, this volume offers an archaeological portrait of the human-canine bond. Contributors investigate the ways people have viewed and valued dogs in different cultures around the world and across the ages.--description provided by publisher.
|
| 588 |
|
|
|a Description based on print version record.
|
| 650 |
|
7 |
|a Human-animal relationships.
|2 fast
|0 (OCoLC)fst00963482
|
| 650 |
|
7 |
|a Dogs.
|2 fast
|0 (OCoLC)fst00896265
|
| 650 |
|
7 |
|a Dog owners.
|2 fast
|0 (OCoLC)fst00896198
|
| 650 |
|
7 |
|a SOCIAL SCIENCE
|x Archaeology.
|2 bisacsh
|
| 650 |
|
6 |
|a Relations homme-animal
|x Histoire.
|
| 650 |
|
6 |
|a Proprietaires de chiens
|x Histoire.
|
| 650 |
|
6 |
|a Chiens
|x Histoire.
|
| 650 |
|
0 |
|a Human-animal relationships
|x History.
|
| 650 |
|
0 |
|a Dog owners
|x History.
|
| 650 |
|
0 |
|a Dogs
|x History.
|
| 655 |
|
7 |
|a History.
|2 fast
|0 (OCoLC)fst01411628
|
| 655 |
|
7 |
|a Electronic books.
|2 local
|
| 700 |
1 |
|
|a Burtt, Amanda,
|e editor.
|
| 700 |
1 |
|
|a Bethke, Brandi,
|e editor.
|
| 710 |
2 |
|
|a Project Muse.
|e distributor
|
| 830 |
|
0 |
|a Book collections on Project MUSE.
|
| 856 |
4 |
0 |
|z Texto completo
|u https://projectmuse.uam.elogim.com/book/73600/
|
| 945 |
|
|
|a Project MUSE - Custom Collection
|
| 945 |
|
|
|a Project MUSE - 2020 Archaeology and Anthropology
|
| 945 |
|
|
|a Project MUSE - 2020 Complete
|